| 000 | 00978nas a2200313 4500 | ||
|---|---|---|---|
| 001 | BR2017000082 | ||
| 003 | BR-BrBNA | ||
| 005 | 20231205130811.0 | ||
| 007 | ta | ||
| 008 | 230509b bl.|||p| |||| 00| 00por d | ||
| 040 |
_aBR-BrBNA _bpor _cBiblioteca Nacional de Agricultura |
||
| 041 | _a(En) | ||
| 072 | _aP01 | ||
| 100 | 1 | _aLeite, R.J.V. | |
| 100 | 1 | _aLemos, J.L.F. | |
| 100 | 1 | _aSilva, F.W.M. da | |
| 100 | 1 | _aAlencar, I.R.C. de | |
| 100 | 1 | _aBezerra, P.F. | |
| 100 | 1 | _aCarregaro, J.B. | |
| 245 | 1 | _aComposition of medium and large mammals in forest reserve in the cerrado of Brazil Central | |
| 650 | _aRESERVA FLORESTAL | ||
| 650 | _aPESQUISA | ||
| 650 | _aMAMÍFERO | ||
| 650 | _aCERRADO | ||
| 773 | 0 |
_tRevista Árvore (Brazil) _xISSN 1806-9088 _g(Sep-Oct 2016), v. 40(5) p. 825-832 _wBR2017000082 |
|
| 856 | 4 | 0 | _uhttp://www.scielo.br/pdf/rarv/v40n5/0100-6762-rarv-40-05-0825.pdf |
| 909 |
_a202311 _bLúcia _c55 _dLúcia Elande |
||
| 942 |
_2AGRIS _n0 _cANA |
||
| 999 |
_c251327 _d251327 |
||